000 00478ntaaa2200181 4500
003 01
005 20251027201607.0
008 0714s1973 ag 01
040 _aAR-BaBN
_bspa
_cAR-BaBN
_eaacr
_dRIC
082 _a230.0000 T27
100 _aTerry, Milton S.
245 _aTratado elemental de la Doctrina Cristiana
250 _a1 ed. :
_bImprenta Metodista,
_cc1912
300 _a73 p.
500 _a"en forma de catecismo"
650 _aDoctrina Cristiana
_9648
942 _cBK
999 _c10518
_d10518